000 00272 a2200145 4500
001 167823
020 _a
040 _cMagnum
100 _aHuizinga, Johan
240 1 0 _aHomo ludens
_lpor
245 1 0 _aHomo ludens
362 0 _a1899
697 _aGERAL
942 _cBK
999 _c167823
_d167823